| 000 | 00884nam a2200253Ia 4500 | ||
|---|---|---|---|
| 003 | GCL | ||
| 008 | 140319s9999 xx 000 0 ara d | ||
| 040 |
_aGCL / _cGCL |
||
| 082 | 0 | 4 |
_a301.01 _bح ف |
| 100 | 1 | _aحسين عبدالحميد احمد رشوان | |
| 245 | 1 | 0 |
_aالفلسفة الاجتماعية والاتجاهات النظرية فىعلم الاجتماع / _cحسين عبدالحميد احمد رشوان |
| 260 |
_a[S.N] : _bالمكتب الجامعى الحديث ، _c1988 |
||
| 300 | _a270 ص | ||
| 490 | _a | ||
| 650 | 0 | 4 | _aتاريخ |
| 650 | 0 | 4 | _aالفلسفة |
| 650 | 0 | 4 | _aمصر القديمة |
| 650 | 0 | 4 | _aالاجتماع |
| 650 | 0 | 4 | _aالفلاسفة المسلمون |
| 650 | 0 | 4 | _aالعصور القديمة |
| 650 | 0 | 4 | _aالفلاسفة المسيحيون |
| 650 | 0 | 4 | _aالفلاسفة اليونانيون |
| 942 |
_2ddc _cBK |
||
| 999 |
_c28918 _d28918 |
||